Μελέτη και σχεδίαση συστήματος γυαλιών ηλίου και οράσεως
Στη συγκεκριμένη διπλωματική εργασία διερευνάται ο προβληματικός χώρος και αναδεικνύονται οι απαιτήσεις των χρηστών, με στόχο τη λεπτομερή σχεδίαση συστήματος γυαλιών οράσεων και ηλίου. Ειδικότερα, γίνεται έρευνα πάνω στο σύστημα γυαλιών ηλίου οράσεως καθώς και το ρόλο που έχουν μέσα στην κοινωνία μ...
Αποθηκεύτηκε σε:
| Κύριος συγγραφέας: | |
|---|---|
| Συγγραφή απο Οργανισμό/Αρχή: | |
| Μορφή: | Thesis Βιβλίο |
| Γλώσσα: | Greek |
| Δημοσίευση: |
2016.
|
| Θέματα: | |
| Διαθέσιμο Online: | http://hdl.handle.net/11610/20097 |
| Ετικέτες: |
Προσθήκη ετικέτας
Δεν υπάρχουν, Καταχωρήστε ετικέτα πρώτοι!
|
MARC
| LEADER | 00000cam a2200000 a 4500 | ||
|---|---|---|---|
| 001 | 1/112882 | ||
| 008 | 170131s2016####gr | ||| |||| ||gre|| | ||
| 040 | |a GR-MyUa |b gre |c GR-MyUa |e AACR2 | ||
| 041 | 0 | |a gre | |
| 082 | 7 | |a 681.411 |2 (23) | |
| 100 | 1 | |a Τζαχσάν, Μαριάννα. | |
| 245 | 1 | 0 | |a Μελέτη και σχεδίαση συστήματος γυαλιών ηλίου και οράσεως / |c Μαριάννα Τζαχσάν ; επιβλέπων καθηγητής Αζαριάδης-Τοπάλογλου Φίλιππος. |
| 260 | |c 2016. | ||
| 300 | |a 144 σ. : |b εικ. ; |c 30 εκ. | ||
| 502 | |a Πτυχιακή εργασία - Πανεπιστήμιο Αιγαίου, Σύρος, 2016. | ||
| 504 | |a Βιβλιογραφία: σ. 118-120. | ||
| 520 | 8 | |a Στη συγκεκριμένη διπλωματική εργασία διερευνάται ο προβληματικός χώρος και αναδεικνύονται οι απαιτήσεις των χρηστών, με στόχο τη λεπτομερή σχεδίαση συστήματος γυαλιών οράσεων και ηλίου. Ειδικότερα, γίνεται έρευνα πάνω στο σύστημα γυαλιών ηλίου οράσεως καθώς και το ρόλο που έχουν μέσα στην κοινωνία με το πέρασμα του χρόνου. Έπειτα, ακολουθεί σύντομη έρευνα στο πώς διαμορφώνεται πλέον η αγορά των γυαλιών τόσο των οράσεως όσο και των ηλίου καθώς και οι τάσεις που επικρατούν. Η έρευνα συνεχίζεται διερευνώντας το χρήστη και στοχεύοντας στην αποσαφήνιση των αναγκών και των γνωρισμάτων του κάνοντας πρωτογενή έρευνα. Στη συνέχεια μελετώνται και καταγράφονται οι παθήσεις των οφθαλμών που διορθώνονται με τη χρήση γυαλιών οράσεως. Ακολουθεί εκτενής έρευνα υλικών τόσο για τα πλαίσια όσο και για τους φακούς των γυαλιών ηλίου και οράσεως. Έτσι, έχοντας υλοποιήσει εκτενή έρευνα, αποσαφηνίζονται οι σχεδιαστικές προδιαγραφές και η διπλωματική εργασία καταλήγει στο λεπτομερή σχεδιασμό του συστήματος γυαλιών οράσεως και ηλίου. | |
| 650 | 0 | |a Dissertations, Academic |z Greece. | |
| 650 | 0 | |a Eyeglasses. | |
| 650 | 0 | |a Sunglasses. | |
| 700 | 1 | |a Αζαριάδης-Τοπάλογλου, Φίλιππος, |e dgs | |
| 710 | 2 | |a Πανεπιστήμιο Αιγαίου. |b Σχολή Θετικών Επιστημών. |b Τμήμα Μηχανικών Σχεδίασης Προϊόντων και Συστημάτων. | |
| 852 | |a INST |b SYROS |c DIATR |e 20170303 |h 681.411 ΤΖΑ |p 005500012930 |q 005500012930 |t DIE |y 23 | ||
| 856 | |u http://hdl.handle.net/11610/20097 | ||
| 924 | |a Τζαχσάν |b Μαριάννα |y Σύρος |z 2016-03 | ||
| 970 | |a Κοντού |b Παρασκευή |z 31/01/2017 | ||